| 000 | 00682nam a2200277Ia 4500 | ||
|---|---|---|---|
| 001 | Z_4276 | ||
| 003 | CHAP | ||
| 008 | 220113s2001 xx 000 0 und d | ||
| 010 | _a167340 | ||
| 040 | _cCHAP | ||
| 082 | _a636.59 D4y | ||
| 100 |
_aDeeming, D C _931491 |
||
| 245 |
_aEl avestruz : biología, producción y sanidad / _cpor D C Deeming |
||
| 260 |
_aZaragoza : _bAcribia, _c2001 |
||
| 300 | _a372 p. ; ilus. | ||
| 440 | _a | ||
| 500 | _aTrad. de : The ostrich. Biology, production and health | ||
| 503 | _a215700 | ||
| 650 |
_aAvestruz _98693 |
||
| 901 | _a636.59 D4y | ||
| 902 | _aA | ||
| 910 | _a2001 | ||
| 942 | _c1 | ||
| 942 | _cc1 | ||
| 999 |
_c167340 _d167340 |
||